Statistics for 101 Countries - Biggest companies

Click here to take the quiz!

General Stats

  • This quiz has been taken 52 times
  • The average score is 48 of 101

Answer Stats

HintAnswer% Correct
L'OrealFrance
96%
BAT UgandaUganda
96%
Bank of CyprusCyprus
94%
Toyota MotorJapan
94%
Malta International AirportMalta
94%
Air MauritiusMauritius
94%
Royal Dutch ShellNetherlands
94%
Qatar National BankQatar
94%
AppleUnited States
94%
Ethiopian AirlinesEthiopia
92%
Baghdad Soft DrinkIraq
92%
National Bank of KuwaitKuwait
92%
Cervejas de MozambiqueMozambique
92%
Zain SudanSudan
92%
MTN BeninBenin
90%
Bidvest NamibiaNamibia
90%
Saudi Basic IndustriesSaudi Arabia
90%
Taiwan SemiconductorTaiwan
90%
Naftogaz UkrainęUkraine
90%
First Abu Dhabi BankUnited Arab Emirates
90%
Samsung ElectronicsSouth Korea
88%
Tanzania BreweriesTanzania
88%
Georgian Manganese HoldingGeorgia
85%
PKO Bank PolskiPoland
85%
Slovenska energetska družbaSlovenia
85%
Pharmacie Centrale de TunisieTunisia
85%
Banka Societe Generale AlbaniaAlbania
83%
SA des Brasseries du CamerounCameroon
83%
Total GabonGabon
83%
Orange MaliMali
83%
Moldova Agroindbank SAMoldova
83%
Orange GuineéGuinea
81%
Persian Gulf Petrochemical IndustriesIran
81%
NestléSwitzerland
81%
NokiaFinland
79%
EDP-Energias De PortugalPortugal
77%
AlibabaChina
75%
Zagrebacka BankaCroatia
73%
Groupe CFAO CongoRepublic of the Congo
71%
ČEZ GroupCzech Republic
69%
Bank MuscatOman
69%
Maroc TelecomMorocco
67%
Bank of KigaliRwanda
63%
Jasno Preduzece Elektroprivreda SrbijeSerbia
60%
HSBC HoldingUnited Kingdom
60%
ORLEN LietuvaLithuania
58%
SlovnaftSlovakia
58%
PetrobrasBrazil
50%
Arab BankJordan
48%
Unicredit Bank D.D. MostarBosnia and Herzegovina
46%
América MóvilMexico
46%
Automobil Dacia SARomania
46%
Novo NordiskDenmark
40%
Anheuser Busch InbevBelgium
38%
SafaricomKenya
38%
Crnogorska Komercijalna BankaMontenegro
33%
RBCCanada
31%
SAPGermany
29%
Koç HoldingTurkey
29%
Lucara Diamond GroupBotswana
25%
Talink GroupEstonia
25%
AccentureIreland
21%
Alpha BankGreece
19%
Reliance IndustriesIndia
19%
MaybankMalaysia
19%
SberbankRussia
19%
InditexSpain
19%
EnelItaly
15%
Westpac Banking CorporationNew Zealand
15%
Mercado-LibreArgentina
13%
OMV GroupAustria
13%
BHP GroupAustralia
10%
SOCARAzerbaijan
10%
Atlas CopcoSweden
10%
EcopetrolColombia
8%
Palm CIIvory Coast
8%
Halyk BankKazakhstan
8%
Dangote CementNigeria
8%
NaspersSouth Africa
8%
VingroupVietnam
8%
NaftanBelarus
6%
SOPHARMABulgaria
6%
FalabellaChile
6%
Tarkwa MinesGhana
6%
Check Point SoftwareIsrael
6%
Société Nationale Industrielle et MinièreMauritania
6%
EquinorNorway
6%
Banco ContinentalParaguay
6%
DBSSingapore
6%
PTT PCLThailand
6%
Kananshi MiningZambia
6%
Innscor AfricaZimbabwe
6%
GrameenphoneBangladesh
4%
Marel HFIceland
4%
Bank Central AsiaIndonesia
4%
Kumtor Gold CompanyKyrgyzstan
4%
Elko Grupa ASLatvia
4%
Spotify TechnologyLuxembourg
4%
CredicorpPeru
4%
SonatelSenegal
4%
BiopharmAlgeria
2%

Score Distribution

Percentile by Number Answered

Percent of People with Each Score

Your Score History

You have not taken this quiz